|
|
|
|
| LEADER |
00690nab a2200193 i 4500 |
| 001 |
acta15832 |
| 005 |
20210326133045.0 |
| 008 |
161015s2000 hu o 0|| eng d |
| 022 |
|
|
|a 0001-6969
|
| 040 |
|
|
|a SZTE Egyetemi Kiadványok Repozitórium
|b hun
|
| 041 |
|
|
|a eng
|
| 100 |
1 |
|
|a Jiang Chun Lan
|
| 245 |
1 |
4 |
|a The irreducible decomposition of Cowen-Douglas operators and operator weighted shifts
|h [elektronikus dokumentum] /
|c Jiang Chun Lan
|
| 260 |
|
|
|c 2000
|
| 300 |
|
|
|a 679-695
|
| 490 |
0 |
|
|a Acta scientiarum mathematicarum
|v 66 No. 3-4
|
| 695 |
|
|
|a Matematika
|
| 700 |
0 |
1 |
|a Li Jue Xian
|e aut
|
| 856 |
4 |
0 |
|u http://acta.bibl.u-szeged.hu/15832/1/math_066_numb_003_004_679-695.pdf
|z Dokumentum-elérés
|